All F1 Drivers on Podium - Statistics

General Stats
  • This quiz has been taken 173 times
  • The average score is 98 of 219
Answer Stats
Number Country Seasons Answer % Correct
80 Brazil 1984-1994 Ayrton Senna
99%
106 France 1980-1991, 1993 Alain Prost
98%
106 Spain 2001, 2003-2018, 2021- Fernando Alonso
98%
2 Netherlands 1994-1998, 2000-2001, 2003 Jos Verstappen
98%
205 United Kingdom 2007- Lewis Hamilton
98%
128 Netherlands 2015- Max Verstappen
98%
155 Germany 1991-2006, 2010-2012 Michael Schumacher
98%
27 Germany 1997-2007 Ralf Schumacher
98%
50 United Kingdom 2000-2017 Jenson Button
96%
103 Finland 2001-2009, 2012-2021 Kimi Räikkönen
96%
122 Germany 2007-2022 Sebastian Vettel
96%
52 Monaco 2018- Charles Leclerc
94%
45 United Kingdom 2019- Lando Norris
94%
67 Finland 2013-2024, 2026- Valtteri Bottas
94%
17 Finland 1978-1986 Keke Rosberg
93%
57 Germany 2006-2016 Nico Rosberg
93%
28 Australia 2023- Oscar Piastri
93%
39 Mexico 2011-2024, 2026- Sergio Pérez
93%
54 Austria 1971-1979,1982-1985 Niki Lauda
91%
68 Brazil 1993-2011 Rubens Barrichello
91%
29 Spain 2015- Carlos Sainz Jr.
89%
4 France 2016-2018, 2020- Esteban Ocon
89%
26 United Kingdom 2019- George Russell
89%
42 Australia 2002-2013 Mark Webber
89%
51 Finland 1991-2001 Mika Häkkinen
89%
5 France 2017- Pierre Gasly
89%
2 Thailand 2019-2020, 2022- Alexander Albon
88%
9 Italy 2025- Andrea Kimi Antonelli
88%
32 Australia 2011-2024 Daniel Ricciardo
88%
2 France 2025- Isack Hadjar
88%
35 Argentina 1950-1951,1953-1958 Juan Manuel Fangio
88%
59 United Kingdom 1980-1992,1994-1995 Nigel Mansell
88%
60 Brazil 1978-1991 Nelson Piquet
87%
1 Germany 2010-2020, 2022- Nico Hülkenberg
87%
41 Brazil 2002, 2004-2017 Felipe Massa
86%
8 Germany 1973-1980, 1982 Jochen Mass
86%
1 Brazil 2008-2009 Nelsinho Piquet
86%
42 United Kingdom 1992-1999 Damon Hill
85%
36 United Kingdom 1958-1975 Graham Hill
85%
16 United States 1958-1964 Phil Hill
85%
3 Canada 2017- Lance Stroll
84%
62 United Kingdom 1994-2008 David Coulthard
81%
35 Brazil 1970-1980 Emerson Fittipaldi
81%
31 Australia 1955-1970 Jack Brabham
81%
13 Canada 1977-1982 Gilles Villeneuve
80%
23 Canada 1996-2006 Jacques Villeneuve
80%
30 Colombia 2001-2006 Juan Pablo Montoya
80%
1 Denmark 2014-2020, 2022-2024 Kevin Magnussen
80%
19 United States 1968-1972, 1974-1982 Mario Andretti
79%
32 United Kingdom 1960-1968 Jim Clark
76%
1 United States 1993 Michael Andretti
76%
17 Italy 1950-1955 Alberto Ascari
75%
20 Italy 1950-1955 Giuseppe Farina
75%
33 South Africa 1972-1980 Jody Scheckter
75%
1 Venezuela 2011-2015 Pastor Maldonado
75%
43 United Kingdom 1965-1973 Jackie Stewart
74%
12 Poland 2006-2010, 2019, 2021 Robert Kubica
74%
3 Russia 2014-2017, 2019-2020 Daniil Kvyat
73%
23 United Kingdom 1973-1979 James Hunt
73%
25 Belgium 1967-1979 Jacky Ickx
72%
24 Australia 1975-1981,1983, 1985-1986 Alan Jones
71%
48 Austria 1984-1997 Gerhard Berger
69%
4 Finland 2007-2013 Heikki Kovalainen
69%
13 Austria 1964-1970 Jochen Rindt
69%
1 Japan 2009-2012, 2014 Kamui Kobayashi
69%
19 Italy 1996-2009 Giancarlo Fisichella
68%
10 France 2009, 2012-2020 Romain Grosjean
67%
24 United Kingdom 1951-1961 Stirling Moss
67%
1 Russia 2010-2012 Vitaly Petrov
67%
27 New Zealand 1959-1970 Bruce McLaren
65%
45 Argentina 1972-1982 Carlos Reutemann
65%
28 Switzerland 1970-1980 Clay Regazzoni
65%
33 New Zealand 1965-1974 Denny Hulme
65%
11 Italy 1997-2011 Jarno Trulli
65%
32 France 1989-2001 Jean Alesi
64%
1 Japan 2002-2008 Takuma Satō
62%
18 Germany 1994-2003 Heinz-Harald Frentzen
60%
18 United Kingdom 1952-1958 Mike Hawthorn
60%
37 Italy 1977-1993 Riccardo Patrese
60%
26 Sweden 1970-1978 Ronnie Peterson
60%
26 United Kingdom 1993-2002 Eddie Irvine
59%
24 United Kingdom 1960-1972 John Surtees
59%
13 Germany 2000-2011 Nick Heidfeld
59%
1 Spain 1999-2002, 2005-2006, 2010-2012 Pedro de la Rosa
58%
5 France 1994-2004 Olivier Panis
54%
23 Italy 1981-1994 Michele Alboreto
51%
20 United Kingdom 1973-1983, 1985 John Watson
49%
22 France 1978-1989 René Arnoux
49%
3 Germany 2004, 2008-2012 Timo Glock
49%
13 France 1978-1982 Didier Pironi
48%
2 Finland 1994-2000, 2002 Mika Salo
48%
3 Austria 1997-2000, 2005, 2007 Alexander Wurz
47%
32 France 1974-1986 Jacques Laffite
47%
7 Mexico 1963-1971 Pedro Rodriguez
47%
15 Belgium 1983-1993 Thierry Boutsen
47%
6 Germany 1957-1961 Wolfgang von Trips
47%
9 Italy 1979-1986 Elio de Angelis
45%
15 Argentina 1950-1957, 1960 José Froilán González
45%
7 United Kingdom 1989-2000 Johnny Herbert
44%
1 Portugal 2005-2006 Tiago Monteiro
44%
5 Italy 1980-1994 Andrea de Cesaris
42%
9 United Kingdom 1984-1989, 1991-1996 Martin Brundle
42%
13 France 1970-1973 François Cevert
40%
6 Brazil 1972-1977 José Carlos Pace
40%
6 Italy 1950-1951 Luigi Fagioli
40%
12 Sweden 1983-1989, 1991 Stefan Johansson
38%
1 Japan 1988, 1990-1995 Aguri Suzuki
36%
9 Italy 1986-1990 Alessandro Nannini
36%
11 New Zealand 1963-1976 Chris Amon
36%
2 France 1975, 1977-1981 Jean-Pierre Jabouille
36%
7 Italy 1953-1958 Luigi Musso
36%
11 France 1977-1979, 1981-1986 Patrick Tambay
36%
9 United Kingdom 1952-1958 Peter Collins
36%
4 Sweden 1976-1977 Gunnar Nilsson
35%
1 Monaco 1950-1951, 1953, 1955 Louis Chiron
35%
19 United States 1959-1968, 1970 Dan Gurney
34%
6 Switzerland 1962-1971 Jo Siffert
34%
10 United Kingdom 1956-1961 Tony Brooks
34%
1 Finland 1989-1994 JJ Lehto
33%
8 Italy 1961-1967 Lorenzo Bandini
33%
10 France 1950-1964 Maurice Trintignant
33%
19 France 1972, 1974-1980 Patrick Depailler
33%
14 United States 1960-1966 Richie Ginther
33%
5 Italy 1950-1956 Piero Taruffi
32%
4 United Kingdom 1959-1966 Innes Ireland
31%
1 Italy 1961-1967 Giancarlo Baghetti
29%
8 United States 1964, 1971-1974 Peter Revson
29%
3 United Kingdom 1991, 1993-1995 Mark Blundell
28%
9 United States 1978, 1980-1989 Eddie Cheever
27%
8 France 1967-1974 Jean-Pierre Beltoise
27%
1 Sweden 1956-1971 Jo Bonnier
27%
1 Italy 1974-1980 Vittorio Brambilla
27%
2 United States 1951-1955 Bill Vukovich
26%
3 Italy 1985-1993 Ivan Capelli
26%
4 United States 1950-1957 Sam Hanks
26%
4 United States 1950, 1952-1960 Jim Rathmann
25%
1 United States 1950-1958 Johnnie Parsons
25%
1 Italy 1963-1964,1966-1968 Ludovico Scarfiotti
25%
1 Italy 1987-1992,1994, 1997 Nicola Larini
25%
1 Italy 1990-1992,1994-1995,1997 Gianni Morbidelli
24%
1 Rhodesia 1962-1963, 1965, 1967-1972 John Love
24%
4 United Kingdom 1981-1990, 1993 Derek Warwick
22%
3 France 1971, 1973-1983 Jean-Pierre Jarier
22%
1 Brazil 1987, 1988-1992,1995 Roberto Moreno
22%
2 Italy 1982, 1984-1987 Teo Fabi
22%
3 Italy 1955-1957 Eugenio Castellotti
21%
9 France 1951-1959 Jean Behra
21%
3 United States 1952-1960 Jimmy Bryan
20%
1 Belgium 1960-1965,1968 Lucien Bianchi
20%
8 Italy 1950-1956 Luigi Villoresi
20%
1 Brazil 1988-1992 Mauricio Gugelmin
19%
1 United States 1950, 1953-1956, 1959 Pat Flaherty
19%
1 Belgium 1952-1956 Paul Frère
19%
1 United States 1952-1956 Bob Sweikert
18%
1 Italy 1977-1983 Bruno Giacomelli
18%
1 Germany 1953-1955, 1957-1961 Hans Herrmann
18%
2 Argentina 1951, 1953-1954 Onofre Marimón
18%
2 United States 1951-1960, 1963 Rodger Ward
18%
3 South Africa 1961-1965 Tony Maggs
18%
1 United States 1950-1952, 1954, 1956-1958, 1960 Troy Ruttman
18%
2 Germany 1954-1955 Karl Kling
16%
1 United States 1950-1951 Lee Wallard
16%
2 France 1950-1956 Louis Rosier
16%
2 United Kingdom 1966-1967 Mike Parkes
16%
2 Belgium 1956, 1958-1961 Olivier Gendebien
16%
1 United Kingdom 1970-1974 Peter Gethin
16%
2 United Kingdom 1974-1977 Tom Pryce
16%
1 Belgium 1960-1963 Willy Mairesse
16%
1 Spain 1956-1957 Alfonso de Portago
15%
2 Switzerland 1951-1952 Rudi Fischer
15%
2 United Kingdom 1957-1958 Stuart Lewis-Evans
15%
2 Germany 1974-1979 Hans-Joachim Stuck
14%
2 United Kingdom 1963-1965, 1971-1974 Mike Hailwood
14%
1 Sweden 1970-1974 Reine Wisell
14%
1 Argentina 1953, 1955-1958, 1960 Carlos Menditeguy
13%
2 United States 1950-1960 Harry Schell
13%
1 France 1984-1988 Philippe Streiff
13%
1 United Kingdom 1950-1952, 1954 Reg Parnell
13%
2 France 1950-1956 Robert Manzon
13%
1 Australia 1970-1974 Tim Schenken
13%
1 United States 1950, 1953 Bill Holland
12%
2 Italy 1955-1957 Cesare Perdisa
12%
1 France 1968, 1970-1974, 1976 Henri Pescarolo
12%
2 United Kingdom 1968-1973, 1977 Jackie Oliver
12%
1 United States 1950-1951 Mauri Rose
12%
2 Italy 1987-1992 Stefano Modena
12%
2 Italy 1953-1956 Umberto Maglioli
12%
1 United Kingdom 1958-1961 Cliff Allison
11%
1 Italy 1950 Dorino Serafini
11%
1 France 1989-1991,1994 Éric Bernard
9%
2 Italy 1950-1953 Felice Bonetto
9%
1 France 1967-1970 Johnny Servoz-Gavin
9%
1 United States 1950, 1953-1959 Paul Russo
9%
1 United Kingdom 1950-1954 Peter Whitehead
9%
1 Germany 1970-1976, 1978 Rolf Stommelen
9%
1 United Kingdom 1961-1964, 1966 Trevor Taylor
9%
1 United States 1971, 1974-1975 Mark Donohue
8%
3 United States 1957-1963, 1965 Masten Gregory
8%
1 United Kingdom 1965, 1967-1969 Richard Attwood
8%
2 United Kingdom 1952-1962 Roy Salvadori
8%
1 United Kingdom 1963-1967 Bob Anderson
7%
1 United Kingdom 1968,1971-1974 Brian Redman
7%
2 United States 1950-1955 Jack McGrath
7%
1 United Kingdom 1963-1968 Mike Spence
7%
2 United Kingdom 1964, 1966 Peter Arundell
7%
1 United States 1950-1955, 1959-1960 Duane Carter
6%
1 United States 1973 George Follmer
6%
1 United States 1950-1951, 1953-1955 Jimmy Davies
6%
1 United States 1955-1960 Johnny Boyd
6%
1 United States 1958-1960 Paul Goldsmith
6%
2 United Kingdom 1967-1970 Piers Courage
6%
1 United Kingdom 1954, 1956-1960 Ron Flockhart
6%
1 United States 1952-1955 Art Cross
5%
1 United States 1953-1960 Don Freeland
5%
1 United States 1958 George Amick
5%
1 United States 1953-1960 Johnny Thomson
5%
1 United States 1951-1954 Manuel Ayulo
5%
1 United States 1951, 1953-1954 Mike Nazaruk
5%
1 United States 1950-1960 Tony Bettenhausen
5%
No matching quizzes found
Score Distribution
Percent of People with Each Score
Percentile by Number Answered
Your Score History
You have not taken this quiz